000 00844cab a2200241 4500
001 ABS47627
008 090401t1992 xxu||||| |||| 00| 0 eng d
035 _a(Sirsi) u62703
041 _aeng
100 _aBurton, M.
245 _aDSOs continue to hold their markets in the face of tough competition
260 _c1992
350 _a0
490 _aMunicipal Journal
_v(48) 27 November - 3 December 1992, 16-17(2)
520 _aReviews the recent Local Government Management Board survey on the current contracts let by councils under CCT. Throughout the survey the Direct Service Organisation success rate is high.
650 _aCCT
650 _aCOMPULSORY COMPETITIVE TENDERING
650 _aDIRECT SERVICE ORGANISATIONS
650 _aLOCAL AUTHORITIES
690 _aECONOMIC AND SOCIAL
942 _n0
948 _c04/03/1997
999 _c38934
_d38934